00807nam a22002292 4500001001100000005001700011008004100028020001700069040001500086100002900101245003800130250001300168260002700181300001200208650003300220852001300253908001100266950000600277999001700283952011700300952016000417000002427420151217155914.0130624s xx 000 0 eng d a9966221727 : aKABUcKABU1 aHabwe, John.@000018426410aMaisha kitendawili /cJohn Habwe. a1st ed. aNairobi :bJKF,c2000. a191 p. 0aSwahili fiction.@00001842631 9p225 KES a130624 @1 c13906d13906 00102lcc70aKABUbKABUd2015-12-17l0oPL8704 .H33M35 2000 c. 1p015430r2015-12-17 00:00:00w2015-12-17yAFRI 00102lcc70aKABUbKABUcGENd2017-10-03g370.00i2017/0282l29m1oPL8704 .H33M35 2000 c.2p027745r2023-06-26 00:00:00s2023-06-23tc.2w2017-10-03yILL